02415nam a2200253 a 4500001001000000005001700010008004100027041000800068044000700076084002000083100004500103245009500148260003600243300002900279500024300308500032600551500103700877500001001914650005201924650005601976650003402032650004502066740005002111BRCA_273720190320203939.0041208s1898----sp-a---###---#000-0#spa-u aspa asp a233b.S47c18981 aCervantes Saavedra, Miguel ded1547-161610aEl Ingenioso Hidalgo Don Quijote de la Manchaccompuesto por Miguel de Cervantes Saavedra. aBarcelonabFrancisco Seixc1898 a2 v.bil. a colorc22 cm aContenido : v 1. Primera parte. Proemio de Asensio. Dedicatoria de F. Seix. Tasa. Privilegio. Dedicatoria del autor. Prólogo del autor. Versos preliminares. Texto. -- v 2. Segunda parte. Dedicatoria del autor. Prólogo del autor. Texto aEdición : Lujosa edición con un proemio del Sr. José Ma. Asensio de la Real Academia y facsímil de varios documentos indefinidos relativos al autor. Ilustración en cromolitografía de J. Moreno Carbonero y D. L. Barrau cabecera e iniciales policromadas, de diferentes artistas. A. S. M. el Rey Don Alfonso XIII aHermosa edición de lujo. Se basa en el texto corregido por la Academia. Sírvele de introducción un prólogo del cervantista José Ma. Asensio. Este fantaseó mucho en lo referente a la vida de Cervantes, así como en lo que toca a la interpretación de su obra máxima. Aquí mismo, entre los documentos de poca monta, publicada la supuesta carta de Cervantes dirigida al Inquisidor General, Cardenal Sandoval de Rojas, carta hoy en definitiva reputada como falsa. Sin embargo, no todo fue fantasía. En dicho prólogo con acertada crítica deshace los argumentos del Sr. Ortego acerca de su ejemplar del Quijote supuestamente corregido por Cervantes en persona. La parte tipográfica es artística y de buen gusto. Unido a esto la belleza de las láminas de Moreno Carboreno y L. Barrau, la de las cabeceras e iniciales que la exornan, y el buen papel, hace que sea ésta una de las más bellas ediciones que se han publicado en el siglo XIX. Piel; lomos y planos decorados con adornos dorados Lúdovik Osterc aQM22414aNovela españolayÉpoca clásica, 1500-170014aLiteratura españolayÉpoca clásica, 1500-170014aNovela españolaySiglo XVII14aDon Quijote (Personaje ficticio)eNovela0 aEl Ingenioso Hidalgo Don Quijote de la Mancha